Pan-Americanism (Record no. 147760)

MARC details
000 -LEADER
campo de control de longitud fija 00500nam a2200145 i 4500
001 - NÚMERO DE CONTROL
campo de control 147760
003 - IDENTIFICADOR DE NÚMERO DE CONTROL
campo de control ES-MaACL
007 - CAMPO FIJO DE DESCRIPCIÓN FÍSICA--INFORMACIÓN GENERAL
campo de control de longitud fija t|
008 - DATOS DE LONGITUD FIJA--INFORMACIÓN GENERAL
campo de control de longitud fija 071005s1915 xxk ||||1| eng d
100 1# - ENTRADA PRINCIPAL--NOMBRE DE PERSONA
Nombre de persona Usher, Roland Greene.
9 (RLIN) 112303
245 10 - MENCIÓN DEL TÍTULO
Título Pan-Americanism
Resto del título : a forecast of de inevitable clash between the United States and Europe's victor /
Mención de responsabilidad, etc. by Green Roland Usher.
260 ## - PUBLICACIÓN, DISTRIBUCIÓN, ETC.
Lugar de publicación, distribución, etc. London :
Nombre del editor, distribuidor, etc. [s.n.],
Fecha de publicación, distribución, etc. [s.a.] (
Fabricante Contable & Company,
Fecha de fabricación/manufactura 1915)
300 ## - DESCRIPCIÓN FÍSICA
Extensión XIX, 466 p. ;
Dimensiones 22 cm.
852 ## - LOCALIZACIÓN
Ubicación ES-MaACL
Número de control de estantería B-369
Holdings
Estatus retirado Estado de pérdida Estado de daño No para préstamo Biblioteca de origen Biblioteca actual Ubicación en estantería Fecha de adquisición Fuente de adquisición Total de préstamos Signatura topográfica completa Código de barras Visto por última vez Precio de reemplazo Tipo de ítem Koha
        Biblioteca del Ateneo de Madrid Biblioteca del Ateneo de Madrid Sala Pardo Bazán 17/01/2008     B-369 1154203 23/02/2023 23/02/2023 Libro impreso